The new art of the leader : leading with integrity and honor
| Main Author: | |
|---|---|
| Format: | Book |
| Published: |
New Jersey :
Prentice Hall Press ,
2000
|
| Subjects: |
MARC
| LEADER | 00000cam a2200000 7i4500 | ||
|---|---|---|---|
| 001 | 0000015151 | ||
| 005 | 20080317.0 | ||
| 008 | 080317 | ||
| 020 | |a 0735203598 | ||
| 090 | 0 | 0 | |a 658.4092 |b COH |
| 100 | 1 | |a Cohen, William A | |
| 245 | 1 | 4 | |a The new art of the leader : |b leading with integrity and honor |c William A. Cohen |
| 260 | |a New Jersey : |b Prentice Hall Press , |c 2000 | ||
| 650 | 0 | |a Leadership | |
| 999 | |a 0001012035 |b Book |c Adult Collection |e Perbadanan Perpustakaan Awam Johor | ||